000 00657cam a22002412 4500
001 0000012733
003 OSt
005 20220210163236.0
008 090316s xx 000 0 eng d
020 _a1292092629
040 _aKABU
_cKABU
050 _aHF5415.13
_b.K68 2016 c.1
100 1 _aKotler, Philip.
245 1 0 _aMarketing management /
_cPhilip Kotler
250 _a15th ed.
260 _aBoston
_bPearson
_c2016
300 _a1 vol (various paging)
650 0 _aMarketing
_xManagement.
700 1 _aKeller, Kevin Lane.
908 _a090316
942 _2lcc
_cBK
999 _c19203
_d19202